Statistics for Random quiz about everything #1

Click here to take the quiz!

General Stats

  • This quiz has been taken 23 times
    (4 since last reset)
  • The average score is 6 of 15

Answer Stats

questionAnswer% Correct
what is 20 * 10?200
75%
in what continent is Niger?Africa
75%
What does monkeys eat?Banana
75%
What is the best european countryDenmark
50%
What is the most populated island?Java
50%
Who ruled russia during ww2Joseph Stalin
50%
What were the germans called during ww2Nazi
50%
In what continent is australiaOceania
50%
what starts with pac and ends with manPac-Man
50%
is australia real?yes
50%
What is the largest country in africaAlgeria
25%
what is the most subscribed youtube channel?T-series
25%
what is the capital of serbiaBelgrade
0%
who were the german emperor during ww1?Willhelm. II
0%
who is the oldest person living right now?Your mom
0%

Score Distribution

Percentile by Number Answered

Percent of People with Each Score

Your Score History

You have not taken this quiz since the last reset